000 00457nam a2200181Ia 4500
003 GCL
008 140319s9999 xx 000 0 eng d
040 _aGCL /
_cGCL
082 0 4 _aCH
_b539.6
_bC A
100 1 _aCOX, PHILROXBEE
245 1 0 _aATOMS AND MOLECULES /
_cCOX, PHILROXBEE
700 1 _aPARSONAGE, MAX
260 _a[S.N] :
_bUSBORNE PUBLISHING LTD ،
_c1993
300 _a32 P
650 0 4 _aMULECULES
650 0 4 _aCHILDREN
942 _2ddc
_cBK
999 _c13844
_d13844